Malá vodnosť slovenských tokov /

Gespeichert in:
Bibliographische Detailangaben
1. Verfasser: Balco, Mikuláš (Verfasst von)
Format: Buch
Sprache:Slowakisch
Veröffentlicht: Bratislava : Veda, 1990
Tags: Tag hinzufügen
Keine Tags, Fügen Sie das erste Tag hinzu!

MARC

LEADER 00000nam a22000003a 4500
001 stu28124
005 20150617225737.0
008 950228s1990----xo------------------slo-d
040 |a STU  |b slo 
041 0 |a slo 
044 |a xo 
080 |a 551.48 
100 1 |a Balco, Mikuláš  |4 aut 
245 1 |a Malá vodnosť slovenských tokov /  |c [aut]Balco,Mikuláš 
260 |a Bratislava :  |b Veda,  |c 1990 
300 |a 260 s 
996 |c V*38822/O-16338  |l VV17  |s P  |a 0  |w stu28124_0001 
996 |b 284V028019  |c V*38824/O-16338b  |l VVT  |s A  |a 24  |w stu28124_0002